000 00269nam a2200097Ia 4500
008 160523s9999 xx 000 0 und d
245 _a100 Ways To Kill Your Business
245 _cby Sandra Wise
260 _c2013
856 _uhttp://www.smashwords.com/books/view/374915
999 _c294847
_d294847